BBQ Time! A Mouth-Watering Slideshow Quiz Stats

 Plays Quiz Updated Aug 5, 2014

Support Sporcle.
Go Orange.
Score 0/30 Timer 04:00
1 Play Today
% Correct
Steak
99.2%
Corn on the Cob
95.2%
Peppers
95.1%
Shrimp
95%
Hamburger
94.9%
Watermelon
94.1%
Ribs
93.8%
Carrot
93.5%
Potato
93.3%
Pineapple
93%
Chicken
92.7%
Hot Dog
92%
Salmon
91.8%
Portobello Mushroom
91.7%
Octopus
90.8%
% Correct
Asparagus
89.6%
Onion
89%
Tomato
87.2%
Crab Legs
86.1%
Mussels
86.1%
Sausage
84.3%
Romaine Lettuce
83.1%
Peach
82.8%
Artichoke
82.4%
Frog Legs
81.9%
Lobster Tail
81.1%
Zucchini
77.5%
Rack of Lamb
77.2%
Pork Chop
74%
Tofu
60.1%

You're not logged in!

Compare scores with friends on all Sporcle quizzes.
OR
Log In

From the Vault

TV Words in Book Titles

by metashades

Television is really invading all other forms of media, huh?
Remove Ads.
Support Sporcle.
Get the best of Sporcle when you Go Orange. This ad-free experience offers more features, more stats, and more fun while also helping to support Sporcle. Thank you for becoming a member.

Show Comments

Extras

Top Quizzes Today


Score Distribution

Your Account Isn't Verified!

In order to create a playlist on Sporcle, you need to verify the email address you used during registration. Go to your Sporcle Settings to finish the process.

Report this User

Report this user for behavior that violates our Community Guidelines.

Details: